VALORANT AGENTS - Statistics

General Stats
  • This quiz has been taken 180 times
  • The average score is 17 of 20
Answer Stats
Hint Answer % Correct
1 Jett
97%
8 Brimstone
95%
2 Reyna
93%
17 Sage
93%
3 Breach
92%
11 Omen
92%
20 Phoenix
91%
18 Raze
88%
12 Viper
88%
4 Cypher
84%
10 Skye
84%
5 Yoru
84%
19 Chamber
83%
9 Killjoy
82%
6 Astra
81%
16 Sova
80%
14 Kayo
77%
13 Harbor
75%
7 Neon
75%
15 Fade
74%
No matching quizzes found
Score Distribution
Percent of People with Each Score
Percentile by Number Answered
Your Score History
You have not taken this quiz